00569nam a2200193Ia 4500008004100000041001200041082000800053082001100061100004500072100001300117245010200130260001300232260004400245260000900289300001500298365002500313650001600338650002100354150909s9999 xx 000 0 und d aEnglish a630 bMIN/RE aMinistry of Agriculture And irrigation  eCompiler aReport of the national commission on Agriculture 1976: crop production sericulture and apiculture aNewdelhi bMinistry of Agriculture and irrigation  c1976 a501 Pages aRS.20  aAgriculture aPlantation crops